Bibliography on Indo-Sri Lankan studies (Record no. 25706)
[ view plain ]
| 000 -LEADER | |
|---|---|
| fixed length control field | 00326nam a22001097a 4500 |
| 245 ## - TITLE STATEMENT | |
| Title | Bibliography on Indo-Sri Lankan studies |
| 260 ## - PUBLICATION, DISTRIBUTION, ETC. (IMPRINT) | |
| Place of publication | New Delhi |
| Name of publisher | National Social Science Documentation Centre |
| Year of publication | 2019 |
| 300 ## - PHYSICAL DESCRIPTION | |
| Number of Pages | 10p. |
| 440 ## - SERIES STATEMENT/ADDED ENTRY--TITLE | |
| Title | NASSDOC Research Information Series (New) : 08 |
| 710 ## - ADDED ENTRY--CORPORATE NAME | |
| Corporate name or jurisdiction name as entry element | NASSDOC Team |
| 942 ## - ADDED ENTRY ELEMENTS (KOHA) | |
| Source of classification or shelving scheme | Dewey Decimal Classification |
| Koha item type | Books |
| Withdrawn status | Lost status | Damaged status | Not for loan | Collection code | Home library | Current library | Date acquired | Accession Number | Price effective from | Koha item type |
|---|---|---|---|---|---|---|---|---|---|---|
| Not For Loan | Bibliographies | NASSDOC Library | NASSDOC Library | 28/11/2019 | 50531 | 28/11/2019 | Books |
